[Event "Druzynowe Mistrzostwa Polski Juniorow - I Liga"]
[Site "Ustron"]
[Date "2011-06-28"]
[Round "4.1"]
[White "Blaszkiewicz, Mateusz"]
[Black "Wandzik, Wojciech"]
[Result "0-1"]
[WhiteTitle "I"]
[BlackTitle "k"]
[WhiteElo "1901"]
[BlackElo "2239"]

1. e4 c5 2. Nf3 e6 3. d4 cxd4 4. Nxd4 a6 5. c4 Nf6 6. Bd3 Nc6 7. Be3 Qc7 8. Nc3
Ne5 9. f3 Bc5 10. Nc2 O-O 11. Rc1 Bxe3 12. Nxe3 Qb6 13. Qd2 Qxb2 14. Rc2 Qb6 15.
O-O Rd8 16. Rb1 Qc7 17. Be2 d6 18. Na4 Nfd7 19. Qb4 Nc5 20. Nb6 Rb8 21. Rd1 Bd7
22. Ned5 exd5 23. Nxd5 Nc6 24. Qxc5 dxc5 25. Nxc7 Nd4 26. Rb2 Bc6 27. Kf2 Rbc8
28. Nd5 Re8 29. Bd3 b5 30. Rc1 b4 31. f4 a5 32. Re1 Bxd5 33. exd5 Rxe1 34. Kxe1
Re8+ 35. Kf2 a4 36. Rb1 a3 37. Re1 Rxe1 38. Kxe1 b3 39. Bb1 bxa2 40. Bxa2 Nc2+
41. Kd2 Nb4 42. d6 Kf8 43. Bb3 a2 44. Bxa2 Nxa2 45. Ke3 f5 46. g4 g6 47. Kf3 Nc3
48. gxf5 gxf5 49. Kg3 Ne4+ 50. Kh4 Nxd6 51. Kg5 Kg7 52. h4 h6+ 53. Kh5 Kf6 54.
Kxh6 Nxc4 0-1

[Event "Druzynowe Mistrzostwa Polski Juniorow - I Liga"]
[Site "Ustron"]
[Date "2011-06-28"]
[Round "4.2"]
[White "Mroziak, Maciej"]
[Black "Chomski, Maciej"]
[Result "1-0"]
[WhiteTitle "I++"]
[BlackTitle "I"]
[WhiteElo "2136"]
[BlackElo "1842"]

1. e4 e5 2. Nf3 Nc6 3. d4 exd4 4. Nxd4 Nf6 5. Nxc6 bxc6 6. e5 Qe7 7. Qe2 Nd5 8.
c4 Ba6 9. b3 g6 10. f4 Bg7 11. Qf2 Nb6 12. Ba3 Qe6 13. Be2 d6 14. O-O O-O 15.
Nc3 Rfe8 16. Ne4 c5 17. Bb2 Rad8 18. Rae1 Nd7 19. Qh4 h5 20. f5 gxf5 21. Nf6+
Nxf6 22. exf6 Qe3+ 23. Kh1 Bh6 24. Bc1 Qe4 25. Qg3+ Kh7 26. Bxh6 Rg8 27. Bg7 1-0

[Event "Druzynowe Mistrzostwa Polski Juniorow - I Liga"]
[Site "Ustron"]
[Date "2011-06-28"]
[Round "4.3"]
[White "Swiderski, Radoslaw"]
[Black "Lizak, Jakub"]
[Result "0-1"]
[WhiteTitle "II+"]
[BlackTitle "II+"]
[WhiteElo "1817"]
[BlackElo "1712"]

1. e4 c5 2. c4 Nc6 3. d3 e6 4. Nc3 Nf6 5. f4 d5 6. e5 d4 7. Nb5 Ng8 8. Qg4 h5 9.
Nd6+ Qxd6 10. Qd1 Qd8 11. g3 Nge7 12. Bg2 Qc7 13. Nf3 Nf5 14. Ng5 Be7 15. Ne4
0-1

[Event "Druzynowe Mistrzostwa Polski Juniorow - I Liga"]
[Site "Ustron"]
[Date "2011-06-28"]
[Round "4.5"]
[White "Delekta, Anna"]
[Black "Panczuk, Joanna"]
[Result "1-0"]
[WhiteTitle "I"]
[BlackTitle "I"]
[WhiteElo "1699"]
[BlackElo "1679"]

1. e4 d5 2. exd5 Qxd5 3. Nc3 Qa5 4. Nf3 Nf6 5. Bc4 Bg4 6. O-O e6 7. h3 Bh5 8. d4
c6 9. Bf4 Nbd7 10. a3 b5 11. Be2 Qb6 12. Re1 Be7 13. Ne5 Bxe2 14. Rxe2 Rd8 15.
Rd2 O-O 16. Qf3 Nxe5 17. Bxe5 Ne8 18. Re1 Nd6 19. Qg4 Nf5 20. Ne2 f6 21. Bf4 Rd5
22. c3 Rfd8 23. Ng3 c5 24. Rde2 Kf7 25. Rxe6 Qxe6 26. Qh5+ g6 27. Qxh7+ Ng7 28.
Rxe6 Kxe6 29. Qxg7 cxd4 30. cxd4 Rxd4 31. Be3 Rd1+ 32. Kh2 g5 33. Qg6 Bd6 34.
Bxg5 Be5 35. h4 1-0

[Event "Druzynowe Mistrzostwa Polski Juniorow - I Liga"]
[Site "Ustron"]
[Date "2011-06-28"]
[Round "4.7"]
[White "Lis, Marek"]
[Black "Zmarzly, Aleksandra"]
[Result "1-0"]
[WhiteTitle "I++"]
[BlackTitle "k+"]
[WhiteElo "2116"]
[BlackElo "2091"]

1. e4 e6 2. d3 d5 3. Nd2 Nf6 4. Ngf3 c5 5. g3 Nc6 6. Bg2 Be7 7. O-O b5 8. e5 Nd7
9. Re1 Bb7 10. Nf1 Qc7 11. Qe2 h6 12. h4 Rg8 13. N1h2 O-O-O 14. Bd2 Nb6 15. a3
Kb8 16. b3 d4 17. c4 dxc3 18. Bxc3 Nd5 19. Bb2 g5 20. hxg5 hxg5 21. Ng4 Qb6 22.
Rac1 Rc8 23. Red1 Nd4 24. Nxd4 cxd4 25. b4 Rh8 26. Qd2 Rcg8 27. Be4 f5 28. exf6
Nxf6 29. Nxf6 Bxf6 30. Qe2 g4 31. Kg2 Rg7 32. Rh1 Rf8 33. Rh5 Be7 34. Rc2 Bd6
35. Bc1 Rfg8 36. Kg1 Re7 37. Bg5 Rc7 38. Rxc7 Bxc7 39. Qxg4 e5 40. Qf5 Qa6 41.
Rh6 Bxe4 42. Qxe4 Qa4 43. Qd5 Rf8 44. Kg2 a6 45. Qc5 Rc8 46. Rc6 Qxb4 47. axb4
1-0

[Event "Druzynowe Mistrzostwa Polski Juniorow - I Liga"]
[Site "Ustron"]
[Date "2011-06-28"]
[Round "4.8"]
[White "Malec, Robert"]
[Black "Lewtak, Damian"]
[Result "0-1"]
[WhiteTitle "I"]
[BlackTitle "I+"]
[WhiteElo "1830"]
[BlackElo "2080"]

1. e4 e6 2. b3 c5 3. Bb2 Nc6 4. Nf3 a6 5. Be2 Qc7 6. O-O Nf6 7. d3 Be7 8. Re1 b5
9. Bf1 Bb7 10. g3 O-O 11. Bg2 d5 12. Qe2 Rfd8 13. Nbd2 Rac8 14. h3 dxe4 15. Nxe4
Nxe4 16. dxe4 Nd4 17. Nxd4 cxd4 18. Rac1 Qa5 19. Ra1 Ba3 20. Bxa3 Qxa3 21. e5
Bxg2 22. Kxg2 Qb2 23. Rab1 Qxc2 24. Qxc2 Rxc2 25. a4 b4 26. Red1 d3 27. Kf3 Rd5
28. Ke4 d2 29. f4 Rc3 30. Rb2 Rcd3 0-1

[Event "Druzynowe Mistrzostwa Polski Juniorow - I Liga"]
[Site "Ustron"]
[Date "2011-06-28"]
[Round "4.9"]
[White "Lewtak, Dominik"]
[Black "Terochin, Piotr"]
[Result "1-0"]
[WhiteTitle "II+"]
[BlackTitle "II"]
[WhiteElo "1723"]
[BlackElo "1704"]

1. e4 c5 2. Nf3 e6 3. d4 cxd4 4. Nxd4 Nf6 5. Nc3 Qb6 6. Nb3 Bb4 7. Bd3 d6 8. O-O
Bxc3 9. bxc3 O-O 10. c4 Nbd7 11. Be3 Qc6 12. Nd4 Qc7 13. f4 e5 14. Nf5 Nc5 15.
fxe5 dxe5 16. Nh6+ Kh8 17. Qf3 Be6 18. Bg5 Ncd7 19. Nf5 Bxf5 20. exf5 Rfe8 21.
Rae1 Rac8 22. Be4 Nxe4 23. Rxe4 f6 24. Be3 Qc6 25. Kh1 Nc5 26. Bxc5 Qxc5 27. Rh4
Qe7 28. Qh5 h6 29. Qg6 Red8 30. Re1 Rd7 31. h3 Rdc7 32. Ree4 Qf8 33. Qg3 Qf7 34.
Qd3 Rd7 35. Qf3 Rcd8 36. Qe3 Kh7 37. Reg4 a6 38. Rg6 Qf8 39. Qg3 Rd2 40. Rgxh6+
gxh6 41. Qg6+ Kh8 42. Rxh6+ Qxh6 43. Qxh6+ Kg8 44. Qg6+ Kf8 45. Qxf6+ Kg8 46.
Qg6+ Kf8 47. f6 R8d7 48. Qh6+ Kf7 49. Qg7+ Ke6 50. f7 1-0

[Event "Druzynowe Mistrzostwa Polski Juniorow - I Liga"]
[Site "Ustron"]
[Date "2011-06-28"]
[Round "4.10"]
[White "Krawiec, Grzegorz"]
[Black "Szeglowski, Tomasz"]
[Result "0-1"]
[WhiteTitle "II"]
[BlackTitle "II+"]
[WhiteElo "1625"]
[BlackElo "1673"]

1. e4 c5 2. Nf3 Nc6 3. d4 cxd4 4. Nxd4 g6 5. Nc3 Bg7 6. Be3 Nf6 7. Nxc6 bxc6 8.
e5 Ng8 9. f4 Nh6 10. Bc4 Nf5 11. Bf2 O-O 12. O-O d5 13. Bb3 Bb7 14. Ne2 Qa5 15.
c4 f6 16. cxd5 cxd5 17. exf6 Bxf6 18. Nd4 Nxd4 19. Bxd4 Rad8 20. Kh1 Kg7 21. Bxf6+
exf6 22. Rc1 d4 23. Qd3 Rfe8 24. Rfd1 Ba6 25. Bc4 Re3 26. Qf1 Bxc4 27. Qxc4 d3
28. Qc7+ Qxc7 29. Rxc7+ Kh6 30. Kg1 Re2 31. Rc3 d2 32. Kf1 Rde8 33. Rxd2 Rxd2
34. Rh3+ Kg7 35. Rb3 Rc8 36. Re3 Rc1+ 37. Re1 Rxe1+ 38. Kxe1 Rxg2 39. b4 Rxa2
40. h4 g5 0-1

[Event "Druzynowe Mistrzostwa Polski Juniorow - I Liga"]
[Site "Ustron"]
[Date "2011-06-28"]
[Round "4.11"]
[White "Cyboran, Katarzyna"]
[Black "Barburzynska, Magdalena"]
[Result "0-1"]
[WhiteTitle "I++"]
[BlackTitle "I++"]
[WhiteElo "1806"]
[BlackElo "1936"]

1. e4 c5 2. Nf3 Nc6 3. d4 cxd4 4. Nxd4 Nf6 5. Nc3 e6 6. Ndb5 d6 7. Bf4 e5 8. Bg5
a6 9. Na3 Be6 10. Nc4 Rc8 11. Bxf6 Qxf6 12. Nb6 Rb8 13. Ncd5 Qd8 14. c3 Be7 15.
Bd3 Bg5 16. O-O g6 17. Qa4 O-O 18. Rad1 Kh8 19. Bxa6 Bxd5 20. Nxd5 Ra8 21. Qb5
Rxa6 22. Qxb7 Qc8 23. Qb5 Ra5 24. Qb3 Qb8 25. Qc4 Rc8 26. b4 Ra3 27. Qe2 Ne7 28.
c4 Nc6 29. Qb2 Qa7 30. Nc3 Nd4 31. Rxd4 Rxc3 32. Rxd6 R8xc4 33. b5 Qb8 34. Rfd1
Qxd6 0-1

[Event "Druzynowe Mistrzostwa Polski Juniorow - I Liga"]
[Site "Ustron"]
[Date "2011-06-28"]
[Round "4.12"]
[White "Lascar, Radoslawa"]
[Black "Lapa, Aleksandra"]
[Result "1/2-1/2"]
[WhiteTitle "II+"]
[BlackTitle "I"]
[WhiteElo "1580"]
[BlackElo "1444"]

1. e4 c5 2. Nf3 e6 3. d4 cxd4 4. Nxd4 a6 5. g3 b5 6. Bg2 Bb7 7. O-O d6 8. Be3 Qc7
9. Nd2 Nf6 10. f4 Nbd7 11. Bf2 e5 12. Ne2 Rc8 13. c3 Be7 14. Kh1 Nc5 15. Bxc5
Qxc5 16. Nc1 O-O 17. Qe2 exf4 18. Rxf4 Nd7 19. Nd3 Qb6 20. Bh3 Rcd8 21. Bxd7 Rxd7
22. Qf2 Qxf2 23. Rxf2 Bg5 24. Re1 Re8 25. Kg1 Bxd2 26. Rxd2 Rxe4 27. Rxe4 Bxe4
28. Nc5 Re7 29. Rxd6 f5 30. Nxa6 Bb1 31. Rd5 Rb7 32. Nb4 g6 33. Kf2 Be4 34. Rd6
Kg7 35. Nc6 Rb6 36. Rd7+ Kf6 37. Nb4 h5 38. Rd4 Kg5 39. Ke3 Kg4 40. Nd5 Ra6 41.
a3 Kh3 42. Nc7 Rb6 43. Rd2 Bg2 44. Nd5 Bxd5 45. Rxd5 Kxh2 46. Kf3 Kh3 47. Rd4
Kh2 48. Kf2 g5 49. Rd5 Rf6 50. Rxb5 f4 51. g4 hxg4 52. Rxg5 g3+ 53. Kf3 Rd6 54.
Rh5+ Kg1 55. Kxf4 g2 56. Rg5 Kf2 57. Ke4 g1=Q 58. Rxg1 Kxg1 59. c4 Rd2 60. b4
Ra2 61. Kd5 Rxa3 62. b5 Ra5 63. Kc6 Kf2 64. b6 Ra8 65. c5 Ke3 66. Kb7 Re8 67.
c6 Kd4 68. Kc7 Kc5 69. Kd7 1/2-1/2

[Event "Druzynowe Mistrzostwa Polski Juniorow - I Liga"]
[Site "Ustron"]
[Date "2011-06-28"]
[Round "4.13"]
[White "Swiech, Przemyslaw"]
[Black "Duda, Jan-krzysztof"]
[Result "1/2-1/2"]
[WhiteTitle "I++"]
[BlackTitle "FM"]
[WhiteElo "2219"]
[BlackElo "2295"]

1. d4 d5 2. c4 e6 3. Nc3 c6 4. Nf3 dxc4 5. a4 Bb4 6. e3 b5 7. Bd2 a5 8. axb5 Bxc3
9. Bxc3 cxb5 10. b3 Bb7 11. bxc4 b4 12. Bb2 Nf6 13. Bd3 O-O 14. O-O Nbd7 15. Re1
Ne4 16. Qc2 f5 17. Nd2 Nxd2 18. Qxd2 Qg5 19. Bf1 Nf6 20. d5 exd5 21. Qd4 Kh8 22.
Qb6 Rab8 23. Qxa5 Ng4 24. Qc7 dxc4 25. Bd4 Rfc8 26. Qg3 Qe7 27. Bxc4 Ra8 28. Bd3
Qe6 29. Rab1 Ra3 30. Bf1 b3 31. f3 Nf6 32. Qf4 Nd5 33. Qg5 Qg6 34. Qh4 Ba6 35.
Rec1 Re8 36. Bxa6 Qxa6 37. e4 fxe4 38. fxe4 Nf6 39. Rf1 Ra4 40. Rbd1 Qe6 41. Bxf6
Rxe4 42. Bxg7+ Kxg7 43. Qg3+ Kh8 44. Qc3+ Kg8 45. h3 Re3 46. Qb4 Kh8 47. Ra1 Qe4
48. Rf8+ Kg7 49. Ra7+ Re7 50. Rxe7+ Qxe7 51. Qxe7+ Rxe7 52. Rb8 Re3 53. Rb6 h5
54. Kf2 Rc3 55. g3 Kf7 56. Rb5 Kg6 57. Kg2 Rc2+ 58. Kf3 b2 59. Rb6+ Kf5 60. Rb5+
Kg6 1/2-1/2

[Event "Druzynowe Mistrzostwa Polski Juniorow - I Liga"]
[Site "Ustron"]
[Date "2011-06-28"]
[Round "4.14"]
[White "Sleczka, Bartosz"]
[Black "Sobolewski, Bartosz"]
[Result "1/2-1/2"]
[WhiteTitle "I"]
[BlackTitle "II+"]
[WhiteElo "1895"]
[BlackElo "1889"]

1. e4 e6 2. d4 d5 3. Nc3 Bb4 4. e5 c5 5. a3 Bxc3+ 6. bxc3 Ne7 7. Nf3 Nbc6 8. a4
Qa5 9. Bd2 Bd7 10. Be2 O-O-O 11. c4 Qc7 12. c3 dxc4 13. Bxc4 Na5 14. Bb5 h6 15.
O-O Bc6 16. Bxc6 Nexc6 17. Rc1 c4 18. Qe2 Ne7 19. Rc2 Nd5 20. Bc1 Qc6 21. Ba3
Qxa4 22. Ra1 Nb3 23. Raa2 Qc6 24. g3 b5 25. Bd6 a6 26. Nd2 Nxd2 27. Qxd2 Rxd6
28. exd6 Qxd6 29. Ra5 Kb7 30. Rca2 Ra8 31. Qb2 Qb6 32. Qa1 Nc7 33. Qd1 Qc6 34.
Qg4 Rg8 35. Qh5 Rf8 36. Qg4 Rg8 37. Qh5 Rf8 38. Qg4 1/2-1/2

[Event "Druzynowe Mistrzostwa Polski Juniorow - I Liga"]
[Site "Ustron"]
[Date "2011-06-28"]
[Round "4.15"]
[White "Marczuk, Dominik"]
[Black "Bus, Konrad"]
[Result "1/2-1/2"]
[WhiteTitle "I"]
[BlackTitle "I"]
[WhiteElo "1924"]
[BlackElo "1854"]

1. e4 c5 2. Nf3 d6 3. d4 cxd4 4. Nxd4 Nf6 5. Nc3 a6 6. Bg5 e6 7. f4 Be7 8. Qf3
h6 9. Bh4 Qc7 10. O-O-O Nbd7 11. Be2 Rb8 12. Qg3 b5 13. Bxf6 Bxf6 14. Bxb5 axb5
15. Ndxb5 Qc5 16. Nxd6+ Kf8 17. e5 Be7 18. a3 Nb6 19. Nce4 Qc6 20. Rd3 Nd5 21.
Rb3 Rxb3 22. Qxb3 g6 23. Rf1 Kg7 24. g4 Bxd6 25. Nxd6 Ba6 26. Rf2 Qc5 27. Qg3
Rb8 28. f5 Rb3 29. Ne4 Qe3+ 30. Qxe3 Rxe3 31. Nc5 Bc8 32. fxe6 fxe6 33. Nd3 Ba6
34. Nc5 Nc7 35. Rd2 Re1+ 36. Rd1 Rxd1+ 37. Kxd1 Bf1 38. h4 g5 39. hxg5 hxg5 40.
a4 Bh3 41. c4 Bxg4+ 42. Ke1 Kf7 43. a5 Bf3 44. Kf2 Bc6 45. b4 Kg6 46. b5 Bxb5
47. cxb5 Nxb5 48. Nxe6 Kf5 49. Nxg5 Kxe5 50. Ke3 Kd5 1/2-1/2

[Event "Druzynowe Mistrzostwa Polski Juniorow - I Liga"]
[Site "Ustron"]
[Date "2011-06-28"]
[Round "4.16"]
[White "Kyc, Jerzy"]
[Black "Jajte-pachota, Maciej"]
[Result "0-1"]
[WhiteTitle "II"]
[BlackTitle "II"]
[WhiteElo "1628"]
[BlackElo "1685"]

1. e4 e5 2. Nf3 d6 3. d4 exd4 4. Nxd4 g6 5. Be3 Bg7 6. Nc3 Nf6 7. f3 O-O 8. Qd2
Re8 9. Bc4 Nc6 10. O-O-O a6 11. g4 Ne5 12. Be2 b5 13. g5 Nh5 14. Rdg1 c5 15. Nb3
Nc4 16. Bxc4 bxc4 17. Na1 Rb8 18. Nd1 Rxb2 19. Nxb2 c3 20. Qd3 cxb2+ 21. Kd2 bxa1=Q
22. Rxa1 Bxa1 23. Rxa1 Qb6 24. Rd1 d5 25. exd5 Qb4+ 26. Kc1 Bf5 27. Qe2 Rb8 28.
d6 c4 29. Rd4 Qb1+ 30. Kd2 Qxc2+ 31. Ke1 Qc3+ 32. Kf2 Bd3 33. d7 Qxd4 34. Bxd4
Bxe2 35. Bb6 Bd3 36. Bc7 Ra8 37. d8=Q+ Rxd8 38. Bxd8 c3 39. Ke3 c2 40. Kd2 Nf4
41. Bc7 Ne2 42. Kxd3 c1=Q 43. Kxe2 Qxc7 44. Kf2 0-1

[Event "Druzynowe Mistrzostwa Polski Juniorow - I Liga"]
[Site "Ustron"]
[Date "2011-06-28"]
[Round "4.17"]
[White "Wozniak, Mariola"]
[Black "Tracz, Marcelina"]
[Result "0-1"]
[WhiteTitle "WCM"]
[BlackTitle "II+"]
[WhiteElo "1788"]
[BlackElo "1685"]

1. e4 e5 2. Nf3 Nc6 3. Nc3 Nf6 4. d4 exd4 5. Nxd4 Bc5 6. Be3 Bb6 7. Be2 d6 8. f3
Bd7 9. Qd2 Qe7 10. O-O-O O-O-O 11. g4 h6 12. Rhe1 Kb8 13. h3 Rhe8 14. Bf1 Nxd4
15. Bxd4 Bxd4 16. Qxd4 Qe5 17. Qd2 g5 18. Ne2 Ng8 19. Nd4 Ne7 20. Re3 Nc6 21.
Nf5 Bxf5 22. gxf5 Qf4 23. Rd3 Ne5 24. Rb3 Qxd2+ 25. Rxd2 f6 26. Kd1 c6 27. Re3
Kc7 28. Ke1 d5 29. c3 dxe4 30. Rxd8 Rxd8 31. fxe4 Kd6 32. Be2 a6 33. Rg3 c5 34.
Kd2 b5 35. Kc2 c4 36. h4 Nf7 37. b3 cxb3+ 38. axb3 Ke5 39. Rg4 h5 40. Rg1 g4 41.
Bd3 Kf4 42. Rf1+ Kg3 43. Rh1 Ne5 44. Be2 Nf3 0-1

[Event "Druzynowe Mistrzostwa Polski Juniorow - I Liga"]
[Site "Ustron"]
[Date "2011-06-28"]
[Round "4.19"]
[White "Adamowicz, Maciej"]
[Black "Borawski, Jakub"]
[Result "0-1"]
[WhiteTitle "I+"]
[BlackTitle "II+"]
[WhiteElo "1991"]
[BlackElo "1899"]

1. c4 e5 2. Nc3 d6 3. g3 Nc6 4. Bg2 Be6 5. d3 Qd7 6. Nd5 Nge7 7. Qb3 Nd8 8. h4
c6 9. Nc3 d5 10. Nf3 f6 11. O-O Nf7 12. Rd1 Nf5 13. e4 dxc4 14. dxc4 N5d6 15.
Nd2 b5 16. Qc2 bxc4 17. Na4 Nb5 18. Nxc4 Nd4 19. Qd3 Rd8 20. Nc3 Bg4 21. Rd2 g6
22. Kh1 Bh6 23. Ne3 Bf3 24. Kh2 Nd6 25. Qa6 O-O 26. Rd3 f5 27. exf5 Bxe3 28. Bxe3
Qxf5 29. Bh3 Bg4 30. Bxg4 Qxg4 31. Bxd4 exd4 32. f3 Rxf3 33. Rxf3 Qxf3 34. Rf1
Qe3 35. Nd1 Qe5 36. Qxc6 Nf5 37. Qc4+ Kh8 38. Qd3 Re8 39. Rf2 Nxh4 40. Kh3 Nf5
41. g4 Ne3 42. Re2 Qf4 43. Nxe3 dxe3 44. Qc3+ Kg8 45. Qb3+ Kg7 46. Qb7+ Kh6 47.
Qg2 Re5 48. Qg3 Qf7 49. Rg2 Re4 50. Kh2 e2 51. Rf2 Qxf2+ 0-1

[Event "Druzynowe Mistrzostwa Polski Juniorow - I Liga"]
[Site "Ustron"]
[Date "2011-06-28"]
[Round "4.20"]
[White "Zochowski, Kacper"]
[Black "Gabryjalowicz, Jakub"]
[Result "1-0"]
[WhiteTitle "I"]
[BlackTitle "I"]
[WhiteElo "1942"]
[BlackElo "1749"]

1. e4 c6 2. d4 d5 3. e5 Bf5 4. h4 c5 5. dxc5 Nc6 6. Bb5 Qa5+ 7. Nc3 O-O-O 8. Bxc6
bxc6 9. Qd4 e6 10. b4 Qa6 11. Nge2 Bxc2 12. O-O Ne7 13. Bg5 h6 14. Bxe7 Bxe7 15.
b5 cxb5 16. Rfc1 Bf5 17. a4 b4 18. Nb5 f6 19. exf6 Bxf6 20. Qf4 Qa5 21. Ned4 g5
22. Qe3 Bxd4 23. Qxd4 Rdg8 24. c6 gxh4 25. Nxa7+ Kc7 26. Qe5+ Kb6 27. Nb5 Qa8
28. Qd4+ Ka5 29. Qc5 Rxg2+ 30. Kxg2 Rg8+ 31. Kh2 Rg2+ 32. Kxg2 Qg8+ 33. Kh2 Qg2+
34. Kxg2 1-0

[Event "Druzynowe Mistrzostwa Polski Juniorow - I Liga"]
[Site "Ustron"]
[Date "2011-06-28"]
[Round "4.21"]
[White "Kowalski, Maciej"]
[Black "Smolarczyk, Tomasz"]
[Result "1-0"]
[WhiteTitle "II+"]
[BlackTitle "II"]
[WhiteElo "1720"]
[BlackElo "1575"]

1. d4 Nf6 2. c4 e6 3. Nf3 Bb4+ 4. Nbd2 b6 5. a3 Bxd2+ 6. Qxd2 Bb7 7. e3 O-O 8.
Bd3 d6 9. O-O Ne4 10. Qe2 Nd7 11. b4 c5 12. Bb2 f5 13. Rad1 Qe7 14. Bb1 Rac8 15.
Ba2 Rc7 16. d5 e5 17. Nd2 Nxd2 18. Rxd2 Bc8 19. f4 Rf6 20. Bb1 Rb7 21. e4 g6 22.
exf5 gxf5 23. Bxf5 Rxf5 24. Qg4+ Rg5 25. fxg5 cxb4 26. axb4 Rc7 27. g6 Nf6 28.
gxh7+ Kxh7 29. Qh4+ Kg8 30. Rxf6 1-0

[Event "Druzynowe Mistrzostwa Polski Juniorow - I Liga"]
[Site "Ustron"]
[Date "2011-06-28"]
[Round "4.22"]
[White "Szostko, Jakub"]
[Black "Wacior, Maciej"]
[Result "1/2-1/2"]
[WhiteTitle "II"]
[BlackTitle "II"]
[WhiteElo "1610"]
[BlackElo "1668"]

1. e4 c6 2. d4 d5 3. e5 Bf5 4. h4 Bd7 5. c4 e6 6. Nc3 Be7 7. Nf3 Qc7 8. Be2 a6
9. a4 Bb4 10. Qb3 a5 11. Bd2 Ne7 12. Rc1 Qb6 13. Qc2 Nf5 14. c5 Qc7 15. g4 Ne7
16. Ng5 b6 17. cxb6 Qxb6 18. Be3 h6 19. Nh3 c5 20. dxc5 Bxc5 21. Nxd5 Bb4+ 22.
Kf1 Qb7 23. Nc7+ Kd8 24. f3 Nd5 25. Nxd5 Qxd5 26. Qc7+ Ke7 27. Bc5+ Bxc5 28. Rxc5
Qd4 29. Rxa5 Rxa5 30. Qxa5 Nc6 31. Qc7 Rc8 32. Qd6+ Qxd6 33. exd6+ Kxd6 34. Kf2
Na5 35. Rd1+ Ke7 36. b4 Nc6 37. b5 Na5 38. Nf4 Rc2 39. Ke3 Ra2 40. Rd4 Kd8 41.
Nd3 Nb3 42. Rb4 Na5 43. Nc5 Ra3+ 44. Bd3 Rc3 45. Kd4 Ra3 46. Be4 f5 47. Bd3 g6
48. g5 h5 49. Ke5 Ke7 50. Rd4 Bc8 51. Rd6 Ra1 52. Rb6 Re1+ 53. Kf4 e5+ 54. Kg3
Rc1 55. Na6 Rc3 56. Be2 f4+ 57. Kg2 Bf5 58. Nb4 Be6 59. Ra6 Rb3 60. Nc6+ Nxc6
61. Rxc6 Rb2 62. b6 e4 63. Kf1 1/2-1/2

[Event "Druzynowe Mistrzostwa Polski Juniorow - I Liga"]
[Site "Ustron"]
[Date "2011-06-28"]
[Round "4.23"]
[White "Przybylska, Agata"]
[Black "Gorbacz, Dominika"]
[Result "1-0"]
[WhiteTitle "II"]
[BlackTitle "II+"]
[WhiteElo "1604"]
[BlackElo "1620"]

1. e4 e5 2. d4 exd4 3. Qxd4 Nc6 4. Qe3 Nf6 5. Nc3 Bb4 6. Bd2 O-O 7. O-O-O Re8 8.
f3 d5 9. Qf2 dxe4 10. Bg5 Qe7 11. Nd5 Qe5 12. Bxf6 gxf6 13. fxe4 f5 14. Nf3 Qd6
15. e5 Nxe5 16. Nxe5 Qxe5 17. Nxb4 Be6 18. Qg3+ Qxg3 19. hxg3 c6 20. Nd3 a5 21.
Nc5 b6 22. Nxe6 Rxe6 23. Bd3 Re3 24. Bxf5 Rxg3 25. Bxh7+ Kg7 26. Be4 Rc8 27. Bf3
Rg6 28. Rd7 a4 29. Re1 Rf6 30. Ree7 c5 31. Rc7 Rxc7 32. Rxc7 Rf5 33. c3 b5 34.
Kc2 Rg5 35. Ra7 1-0

[Event "Druzynowe Mistrzostwa Polski Juniorow - I Liga"]
[Site "Ustron"]
[Date "2011-06-28"]
[Round "4.24"]
[White "Rudnik, Anna"]
[Black "Antolak, Julia"]
[Result "1/2-1/2"]
[WhiteTitle "II+"]
[BlackTitle "II+"]
[WhiteElo "1594"]
[BlackElo "1509"]

1. e4 c5 2. Nf3 Nc6 3. d4 cxd4 4. Nxd4 e5 5. Nf3 Nf6 6. Bd3 Bc5 7. Nc3 O-O 8. O-O
d6 9. h3 h6 10. Re1 Be6 11. Na4 Bb4 12. Bd2 Bxd2 13. Qxd2 Re8 14. Nc3 Nh5 15.
Rad1 Qf6 16. Be2 Nf4 17. Kh2 Nxe2 18. Qxe2 a6 19. Rxd6 Nd4 20. Nxd4 exd4 21. e5
Qf4+ 22. g3 Qf5 23. Rxd4 Qxh3+ 24. Kg1 Rad8 25. Red1 Rxd4 26. Rxd4 b5 27. a3 Bc4
28. Qe1 f6 29. f4 fxe5 30. Re4 Rf8 31. Rxe5 g5 32. b3 gxf4 33. bxc4 fxg3 34. Re2
Qg4 35. Rg2 Qd4+ 36. Kh1 Qh4+ 37. Kg1 Qd4+ 38. Kh1 Qh4+ 39. Kg1 Qd4+ 40. Kh1 Qh4+
41. Kg1 1/2-1/2

[Event "Druzynowe Mistrzostwa Polski Juniorow - I Liga"]
[Site "Ustron"]
[Date "2011-06-28"]
[Round "4.25"]
[White "Sowul, Bartosz"]
[Black "Stankiewicz, Pawel"]
[Result "1/2-1/2"]
[WhiteTitle "k"]
[BlackTitle "I++"]
[WhiteElo "2178"]
[BlackElo "2096"]

1. d4 f5 2. c4 g6 3. g3 Bg7 4. Bg2 Nf6 5. Nh3 O-O 6. Nc3 d6 7. d5 c6 8. O-O e5
9. dxe6 Bxe6 10. Qb3 Qc7 11. Ng5 Bf7 12. Nxf7 Rxf7 13. Bf4 Na6 14. Rad1 Bf8 15.
Qa3 Nc5 16. b4 Ne6 17. Bc1 Nd7 18. Qb3 Re8 19. f4 Nf6 20. e4 Qb6+ 21. Kh1 Ng4
22. Rd2 Ne3 23. Na4 Nxf1 24. Nxb6 Nxd2 25. Bxd2 axb6 26. exf5 gxf5 27. Qd3 Bg7
28. Be3 Bd4 29. Bf3 Bxe3 30. Qxe3 Ng7 31. Qxb6 Ra8 32. b5 Re7 33. bxc6 bxc6 34.
Bxc6 Re1+ 35. Kg2 Rxa2+ 36. Kh3 Ree2 37. Qd8+ Ne8 38. Kh4 Kf7 39. h3 Ra7 40. Kg5
h6+ 41. Kxf5 Ng7+ 42. Kg4 h5+ 43. Kh4 Rae7 44. Bd5+ Kg6 45. Qxd6+ R7e6 46. Bxe6
Rxe6 47. Qxe6+ Nxe6 48. f5+ Kxf5 49. Kxh5 Ke5 50. Kg4 Kd4 51. Kf5 Nc5 52. g4 Kxc4
53. g5 Kd5 54. g6 Ne4 55. g7 1/2-1/2

[Event "Druzynowe Mistrzostwa Polski Juniorow - I Liga"]
[Site "Ustron"]
[Date "2011-06-28"]
[Round "4.26"]
[White "Lukasiewicz, Aleksander"]
[Black "Pietruszewski, Marcin"]
[Result "0-1"]
[WhiteTitle "I"]
[BlackTitle "k"]
[WhiteElo "1925"]
[BlackElo "2111"]

1. e4 c5 2. Nf3 e6 3. d4 cxd4 4. Nxd4 a6 5. Nc3 b5 6. a3 Bb7 7. Be2 d6 8. O-O Nf6
9. Qd3 Nbd7 10. Bg5 Be7 11. Bxf6 Nxf6 12. f4 O-O 13. Rad1 Qb6 14. Kh1 Rfd8 15.
Bf3 Nd7 16. Rd2 Rac8 17. Qe2 Nc5 18. e5 Bxf3 19. Qxf3 b4 20. axb4 Qxb4 21. Nb3
Nxb3 22. cxb3 Qxb3 23. Qe2 Qc4 24. Qf2 g6 25. Qe3 Qxf1+ 0-1

[Event "Druzynowe Mistrzostwa Polski Juniorow - I Liga"]
[Site "Ustron"]
[Date "2011-06-28"]
[Round "4.27"]
[White "Murawko, Katarzyna"]
[Black "Grela, Kacper"]
[Result "0-1"]
[WhiteTitle "I+"]
[BlackTitle "II"]
[WhiteElo "1796"]
[BlackElo "1728"]

1. e4 c5 2. Nf3 Nc6 3. Bb5 g6 4. Bxc6 bxc6 5. d3 d5 6. Nbd2 Nf6 7. O-O Bg7 8. Re1
O-O 9. c3 Ba6 10. e5 Nd7 11. Nf1 f6 12. exf6 exf6 13. d4 Qb6 14. Re7 Rf7 15. Rxf7
Kxf7 16. dxc5 Qxc5 17. Be3 Qd6 18. Ng3 Kg8 19. Qd2 Ne5 20. Nxe5 fxe5 21. f4 Qc7
22. f5 e4 23. fxg6 hxg6 24. Bf4 Qb6+ 25. Be3 Qc7 26. Bf4 Be5 27. Bxe5 Qxe5 28.
Qh6 Qg7 29. Qxg7+ Kxg7 30. Kf2 Kf6 31. Ke3 Ke5 32. b4 c5 33. Rd1 Rc8 34. bxc5
Rxc5 35. Kd2 Kf4 36. Re1 Ra5 37. Ra1 e3+ 38. Kd1 Ra3 39. Kc2 Bc4 40. Kb2 Ra6 41.
a3 e2 42. Kc2 Ke3 43. Nxe2 Kxe2 44. g3 Rb6 45. a4 Bd3+ 46. Kc1 Rb3 47. Ra2+ Ke3
0-1

[Event "Druzynowe Mistrzostwa Polski Juniorow - I Liga"]
[Site "Ustron"]
[Date "2011-06-28"]
[Round "4.28"]
[White "Nowakowski, Artur"]
[Black "Buraczewski, Rafal"]
[Result "0-1"]
[WhiteTitle "II"]
[BlackTitle "II"]
[WhiteElo "1631"]
[BlackElo "1621"]

1. e4 d5 2. exd5 Qxd5 3. Nc3 Qa5 4. d4 c6 5. Bd2 Qc7 6. Nf3 Bf5 7. Bc4 e6 8. O-O
Nf6 9. Ne2 Bd6 10. Ng3 Bg6 11. Re1 O-O 12. Bb3 Nbd7 13. Qe2 Rfe8 14. Ne5 Rad8
15. c4 c5 16. Nxg6 hxg6 17. dxc5 Nxc5 18. Bc2 Bf4 19. Bxf4 Qxf4 20. Rad1 a5 21.
b3 b6 22. h3 Kf8 23. Qe3 Qxe3 24. fxe3 Ke7 25. Kf2 Nfd7 26. e4 Ne5 27. Ke3 Nc6
28. a3 f5 29. Ne2 Rf8 30. Nf4 Kf6 31. exf5 gxf5 32. g3 g5 33. Ne2 e5 34. Rf1 Ke6
35. Rxd8 Nxd8 36. Nc3 Nc6 37. Nb5 f4+ 38. gxf4 gxf4+ 39. Kf3 Kf6 40. Rd1 Rd8 41.
Rxd8 Nxd8 42. h4 Nce6 43. b4 axb4 44. axb4 0-1

[Event "Druzynowe Mistrzostwa Polski Juniorow - I Liga"]
[Site "Ustron"]
[Date "2011-06-28"]
[Round "4.29"]
[White "Ostrowska, Dominika"]
[Black "Grochocinska, Urszula"]
[Result "1-0"]
[WhiteTitle "k"]
[BlackTitle "I+"]
[WhiteElo "1936"]
[BlackElo "1790"]

1. e4 e5 2. Nf3 Nc6 3. Bb5 a6 4. Ba4 Nf6 5. O-O b5 6. Bb3 Bc5 7. d3 d6 8. a4 Rb8
9. axb5 axb5 10. h3 h6 11. Nc3 O-O 12. Re1 Re8 13. Be3 Nd4 14. Bxd4 Bxd4 15. Nxd4
exd4 16. Ne2 c5 17. Ng3 Be6 18. Bxe6 fxe6 19. Ra6 Ra8 20. Qa1 Qc8 21. Rxa8 Qxa8
22. f4 Nd7 23. Rf1 d5 24. e5 g6 25. Qd1 h5 26. Qe2 c4 27. Qf2 cxd3 28. cxd3 Qa4
29. Rc1 Qb4 30. Rc7 Rd8 31. Qc2 Qe1+ 32. Nf1 Nxe5 33. Re7 Rf8 34. Qc7 Nf7 35.
Qd7 Rd8 36. Qxb5 Nh6 37. Qb6 Rf8 38. Rxe6 Qc1 39. Rxg6+ Kf7 40. Qe6+ 1-0